TV Theme song spree (the 60's) Quiz Stats

 Plays Quiz not verified by Sporcle

Score 0/115 Timer 10:00
0 Plays Today
Lyric % Correct
Song 2a
94.4%
Song 2a
94.4%
Song 2A
94.4%
Song 3a
94.4%
Song 3A
94.4%
Song 3a
94.4%
Song 1The
93.4%
Song 4the
93.4%
Song 4the
93.4%
Song 4the
93.4%
Song 4the
93.4%
Song 5the
93.4%
Song 5the
93.4%
Song 1and
93%
Song 1and
93%
Song 2and
93%
Song 3and
93%
Song 5and
93%
Song 5to
84.7%
Song 2to
84.3%
Song 4to
84.3%
Song 4to
84.3%
Song 3you'll
81.2%
Song 4is
78%
Song 4is
78%
Song 5is
78%
Song 5is
78%
Song 3of
76.7%
Song 1Family.
76%
Song 2family
76%
Song 5me.
74.9%
Song 5me.
74.9%
Song 1They're
74.6%
Song 1they're
74.6%
Song 5be.
73.9%
Song 1Addams
72.8%
Song 3that
72.8%
Song 4that
72.8%
Song 5that
72.8%
Lyric % Correct
Song 5for
71.1%
Song 3Just
70.4%
Song 5just
70.4%
Song 1all
69.3%
Song 2man
69.3%
Song 3this
69.3%
Song 3this
69.3%
Song 3hear
68.3%
Song 1spooky,
67.9%
Song 3tale.
66.9%
Song 3tale.
66.9%
Song 1creepy
66.6%
Song 3sit
65.5%
Song 5so
65.5%
Song 3right
64.8%
Song 1together
64.1%
Song 2story
63.1%
Song 4it
62.4%
Song 2about
62%
Song 3from
62%
Song 3ship
62%
Song 4about
62%
Song 3trip
61.3%
Song 3back
61%
Song 1kooky,
60.6%
Song 5place
59.9%
Song 3fateful
59.2%
Song 2his
58.9%
Song 1Mysterious
58.5%
Song 2named
58.2%
Song 2listen
57.8%
Song 2Jed.
57.5%
Song 3tiny
57.1%
Song 2Come
56.4%
Song 4Come
56.4%
Song 1ooky,
56.1%
Song 5life
56.1%
Song 5Green
55.7%
Song 3started
55.4%
Lyric % Correct
Song 3aboard
55.4%
Song 5acres
55.1%
Song 5livin'
54%
Song 5far
54%
Song 2kept
53%
Song 2poor
52.6%
Song 2fed.
52.6%
Song 5Farm
51.2%
Song 2barely
50.9%
Song 1They're
50.5%
Song 2mountaineer,
50.2%
Song 3port
49.8%
Song 5out
49.8%
Song 3tropic
48.8%
Song 5give
48.8%
Song 5wide
47%
Song 4your
45.3%
Song 5countryside.
44.3%
Song 5Land
42.5%
Song 4at
41.5%
Song 4down
40.8%
Song 5Keep
39.7%
Song 5spreadin'
39%
Song 5Manhattan,
38%
Song 4time
35.5%
Song 4junction.
28.6%
Song 4Junction)
28.6%
Song 4junction.
28.6%
Song 4(Petticoat
27.5%
Song 4train
25.8%
Song 4little
25.1%
Song 4tracks
23.3%
Song 4rolling
21.6%
Song 4Forget
20.9%
Song 4ride
20.6%
Song 4cares,
19.2%
Song 4relax
19.2%

You're not logged in!

Compare scores with friends on all Sporcle quizzes.
OR
Log In

Show Comments

Extras

Created Feb 16, 2012ReportNominate
Tags:Song Quiz, Begins With, spree, theme

Top Quizzes Today


Score Distribution

Your Account Isn't Verified!

In order to create a playlist on Sporcle, you need to verify the email address you used during registration. Go to your Sporcle Settings to finish the process.

Report this User

Report this user for behavior that violates our Community Guidelines.

Details: